00529nam a2200181Ia 4500003000400000005001700004008004100021020002900062040001700091082002000108100002200128245009300150260002400243300001700267500001900284650002400303700002000327IIN20250430132335.0250430s2022 xx ad 001 0 eng d cRs.455.00a9781543345674 aIINbEnglish a610.73 bKAU1 aKaur, Lakhwinder  2aA Textbook of Nursing Foundation - Ibfor BSc. Nursing/cLakhwinder Kaur & Maninder Kaur aJalandharbPVc2022 a365 p.bill. aIncludes Index1 aFoundationvNursing1 aKaur, Maninder